Регионална библиотека "Любен Каравелов" - Русе

Практическо ръководство по търговското книгодържание (Запис номер 417129)

MARC детайли
000 -Лидер
Контролно поле с фиксирана дължина nam a22 a 4500
003 - Код на организацията, давaща контролен номер
Контролно поле BLK
005 - Дата и час на последна редакция
Контролно поле 20210601104550.0
008 - Елементи от данни с фиксирана дължина
fixed length control field 210405b bu |||||r|||| 00| | bu d
040 ## - Източник на каталожния запис
Идентификатор на билиотеката - собственик на записа BLK
041 ## - Код за език
Код за езика на текст/звукозапис или на отделно заглавие Български
Код за езика КДБФ Български
080 ## - УДК
Текстов определител УДК Издателско дело. Книгоразпространение
УДК код - определител по УДК 655.4/.5
УДК - код + определител 655.4/.5
100 ## - Редна дума - Автор
R(LIN) 1299
Автор Пранчов, Стоян Георгиев
Авторска отговорност първи автор
139 ## - Редно поле
Редна дума Пранчов, Стоян Георгиев
245 ## - Сведения за заглавието
Заглавие Практическо ръководство по търговското книгодържание
Редно поле (дума) Стоян Георгиев Пранчов
Том Ч. 1
Заглавие на том Общи познания по книгодържанието и простописание
260 ## - Област на издателските данни
9 (RLIN) 217715
Място на издаване, разпространение и проч. Пловдив
Име на издателя, разпространителя и проч. Собств. изд.
Година на издаване 1898
Печатница (Пловдив : Центр. печ.)
300 ## - Физическа характеристика
Размери/Мащаб 24 см
380 ## - Жанр
Жанр Техника
490 ## - СЕРИИ (Колекции)
9 (RLIN) 435080
Име на серия Колекция Редки и ценни издания
650 #7 - Допълнително описание по предмет – тема
9 (RLIN) 158829
Основно описание – тема или топоним Книгоразпространение
760 ## - Описание на основната серия
Редна дума на основното описание Пранчов, Стоян Георгиев
Страници - том 88 с
Част - том Ч.1: Общи познания по книгодържанието и простописание
Заглавие Практическо ръководство по търговското книгодържание
852 ## - Местоположение
Форматна сигнатура Рб 898
Фондова буква Редки и ценни
999 ## - СИСТЕМНИ КОНТРОЛНИ НОМЕРА
Koha biblionumber 417129
Koha biblioitemnumber 417129
942 ## - АРТИКУЛИ
Източник на класификационната схема Universal Decimal Classification
Вид на библиотечния материал Книги
Скрит в OPAC Не
Периодичен библиозапис Да
944 ## - СЪЗДАВАНЕ И РЕДАКЦИЯ на ЗАПИСА
Създаване/Редакция Създаване
Дата на регистрацията/редакция 2021-06-01
Служител, извършил регистрацията/редакцията К.Д.
999 ## - СИСТЕМНИ КОНТРОЛНИ НОМЕРА
Koha biblioitemnumber 417129
Наличности
Код за отписване Код за изгубен артикул Източник на класификационната схема Код за повреда Коз за рестрикции Код за отдаване Артикулен № Име на библиотеката - собственик Име на библиотеката, в която се намира в момента Статус (Текущо местоположение) Дата на вписване в системата Местоположение - отдел Цена в лева Инвентарен номер Систематично азбучна сигнатура Баркод Цена в евро Служебен тип на артикула
  Не е изгубен Universal Decimal Classification Не е повреден само за читалня Специални фондове ( старопечатни, редки и ценни, фонд М. Арнаудов) 853181 Регионална библиотека "Любен Каравелов" Русе Регионална библиотека "Любен Каравелов" Русе Редки и ценни 2021-09-20 Редки и ценни 0.32 25895-I Рб 898 900000062214 0.16 Книги
Vip Innovations Ltd, Rousse, Bulgaria 2025